000 00864nas a2200301 4500
001 BR5700064
003 BR-BrBNA
005 20231205082008.0
007 ta
008 230509b bl.|||p| |||| 00| 00por d
040 _aBR-BrBNA
_bpor
_cBiblioteca Nacional de Agricultura
041 _a(Pt)
072 _aE15
110 1 _aBanco do Nordeste do Brasil S.A., Fortaleza, CE
245 1 _aPlanejamento da conta "sobras e perdas" nas cooperativas [Despesa; Lucro; Orcamento; Renda]
650 _aMicroeconomia
650 _aCapital
650 _aCooperativa
650 _aCredito
650 _aDespesa
650 _aJuro
650 _aLucro
650 _aOrcamento
650 _aRenda
773 0 _tSul - Coop. Cooperativismo (Brazil)
_x
_g(Jan 1957), v. 9(42) p. 15-17
_wBR5700064
909 _a202311
_bLúcia
_c55
_dLúcia Elande
942 _2AGRIS
_n0
_cANA
999 _c88410
_d88410